[Event "Torino-ch sf"]
[Site "Torino"]
[Date "2016.05.16"]
[Round "3"]
[White "Vozza, Nicola"]
[Black "Pitica, Silviu Valentin"]
[Result "0-1"]
[WhiteElo "1919"]
[BlackElo "2007"]
[PlyCount "153"]
[EventDate "2016.05.02"]
[EventType "swiss"]
[EventRounds "7"]
[EventCountry "ITA"]
[SourceTitle "EXT 2018"]
[Source "ChessBase"]
[SourceDate "2017.10.13"]
[SourceVersion "1"]
[SourceVersionDate "2017.10.13"]
[SourceQuality "1"]

1. d4 Nf6 2. c4 c5 3. d5 b5 4. Nf3 e6 5. Bg5 h6 6. Bh4 bxc4 7. Nc3 Qb6 8. Bxf6 gxf6 9. Qc2 f5 10. Ne5 Ba6 11. e4 Bg7 12. Nxc4 Bxc4 13. Bxc4 Qb4 14. Qb3 Qxb3 15. axb3 Bxc3+ 16. bxc3 fxe4 17. Kd2 Rg8 18. Rhg1 Rg5 19. dxe6 fxe6 20. g4 Nc6 21. h4 Rg7 22. Ke3 Ne5 23. Kxe4 Nxg4 24. Be2 h5 25. Bxg4 hxg4 26. h5 Ke7 27. h6 Rg6 28. h7 Rh8 29. Rxa7 Rxh7 30. Rd1 Kd8 31. Ra8+ Kc7 32. Rda1 Rf7 33. R8a7+ Kd8 34. Ra8+ Ke7 35. R8a7 Kf6 36. b4 cxb4 37. cxb4 Kg5 38. Ke3 Rf3+ 39. Ke2 Rgf6 40. Rxd7 Rxf2+ 41. Kd3 R2f3+ 42. Kc4 R6f4+ 43. Kc5 Rc3+ 44. Kb5 Rb3 45. Re7 Rbxb4+ 46. Kc5 Rbe4 47. Rg7+ Kf6 48. Rg8 Re5+ 49. Kc6 Rc4+ 50. Kb6 Rb4+ 51. Kc6 Rc4+ 52. Kb6 Rf5 53. Rg1 Rg5 54. Rf1+ Rf5 55. Rg1 Rff4 56. Rf8+ Ke5 57. Rg8 Rce4 58. Kc5 Rc4+ 59. Kb5 Rce4 60. Kc6 Kd4 61. Kd6 Ke3 62. Ra1 Kf3 63. Ra5 Kg2 64. Ra2+ Rf2 65. Ra3 Rf3 66. Ra2+ Kg3 67. Ra1 Rd3+ 68. Ke7 Rdd4 69. Kf6 Kf2 70. Ra2+ Ke3 71. Ra1 Ke2 72. Ra2+ Rd2 73. Ra1 Rd3 74. Rg1 Kf3 75. Kg5 Kf2 76. Rxg4 Rxg4+ 77. Kxg4 0-1

[Event "Torino-ch op"]
[Site "Torino"]
[Date "2016.02.22"]
[Round "6"]
[White "Vozza, Nicola"]
[Black "Di Chiara, Mauro"]
[Result "1/2-1/2"]
[WhiteElo "1886"]
[BlackElo "1936"]
[PlyCount "82"]
[EventDate "2016.01.18"]
[EventType "swiss"]
[EventRounds "7"]
[EventCountry "ITA"]
[SourceTitle "EXT 2018"]
[Source "ChessBase"]
[SourceDate "2017.10.13"]
[SourceVersion "1"]
[SourceVersionDate "2017.10.13"]
[SourceQuality "1"]

1. d4 g6 2. c4 Nf6 3. Nc3 Bg7 4. e4 d6 5. Nf3 0-0 6. Be2 e5 7. 0-0 Nc6 8. d5 Ne7 9. b4 Nh5 10. Re1 Nf4 11. Bf1 f5 12. Qb3 Kh8 13. Bxf4 exf4 14. e5 dxe5 15. Nxe5 g5 16. c5 Ng6 17. Nxg6+ hxg6 18. d6 cxd6 19. Rad1 g4 20. cxd6 Bd7 21. Nd5 Qg5 22. Re7 Rad8 23. Nc7 g3 24. hxg3 fxg3 25. Rd3 gxf2+ 26. Kxf2 f4 27. Ke1 Qh4+ 28. Kd1 Bg4+ 29. Be2 f3 30. gxf3 Qh1+ 31. Kd2 Bh6+ 32. Kc3 Qc1+ 33. Qc2 Qxc2+ 34. Kxc2 Bf5 35. Ne6 Rc8+ 36. Kb3 Bxd3 37. Nxf8 Bxf8 38. d7 Bc2+ 39. Kb2 Rd8 40. Re8 Rxd7 41. Kxc2 Kg7 1/2-1/2

[Event "Torino-ch op"]
[Site "Torino"]
[Date "2016.02.15"]
[Round "5"]
[White "Zuccaro, Marco"]
[Black "Vozza, Nicola"]
[Result "0-1"]
[WhiteElo "1836"]
[BlackElo "1886"]
[PlyCount "92"]
[EventDate "2016.01.18"]
[EventType "swiss"]
[EventRounds "7"]
[EventCountry "ITA"]
[SourceTitle "EXT 2018"]
[Source "ChessBase"]
[SourceDate "2017.10.13"]
[SourceVersion "1"]
[SourceVersionDate "2017.10.13"]
[SourceQuality "1"]

1. c4 f5 2. d4 Nf6 3. Nc3 e6 4. e3 Bb4 5. Bd3 b6 6. Nf3 Bb7 7. 0-0 Bxc3 8. bxc3 0-0 9. Ba3 d6 10. Rb1 Ne4 11. Qc2 Nd7 12. h3 Kh8 13. Nd2 Qh4 14. f4 Ndf6 15. Nf3 Qg3 16. c5 Nd5 17. Rfe1 Ndxc3 18. Rbc1 dxc5 19. dxc5 Rf6 20. Ne5 bxc5 21. Qb2 Bd5 22. Bf1 Kg8 23. Bxc5 Rh6 24. Nf3 Nxc5 25. Rxc3 Bxf3 26. Qf2 Qxf2+ 27. Kxf2 Ne4+ 28. Kxf3 Nxc3 29. Rc1 Nd5 30. Rc6 Rb8 31. Ra6 Rb7 32. Ra4 Kf8 33. Ba6 Rb6 34. Bc8 Rb8 35. Bd7 Ke7 36. Bc6 Kd6 37. Rc4 Rf6 38. Ba4 Rb6 39. g4 fxg4+ 40. hxg4 Rf8 41. Bc2 g6 42. Ra4 a6 43. Bd3 e5 44. f5 gxf5 45. gxf5 Nc3 46. Rh4 e4+ 0-1

[Event "Torino-ch sf op"]
[Site "Torino"]
[Date "2013.06.03"]
[Round "5"]
[White "Quirico, Paolo"]
[Black "Vozza, Nicola"]
[Result "1/2-1/2"]
[WhiteElo "2121"]
[BlackElo "1880"]
[PlyCount "93"]
[EventDate "2013.05.06"]
[EventType "swiss"]
[EventRounds "7"]
[EventCountry "ITA"]
[SourceTitle "EXT 2015"]
[Source "ChessBase"]
[SourceDate "2014.11.20"]
[SourceVersion "1"]
[SourceVersionDate "2014.11.20"]
[SourceQuality "1"]

1. c4 e6 2. g3 Nf6 3. Bg2 d5 4. Nf3 Be7 5. 0-0 0-0 6. b3 Nc6 7. Bb2 a5 8. Nc3 Ne4 9. Nb5 Nd6 10. cxd5 exd5 11. Nxd6 Qxd6 12. Rc1 a4 13. Nd4 Nxd4 14. Bxd4 c6 15. Bc5 Qd8 16. bxa4 Re8 17. e3 Qa5 18. Bxe7 Rxe7 19. d4 Re8 20. Re1 Qxa4 21. Qxa4 Rxa4 22. e4 dxe4 23. Bxe4 Rxd4 24. Bxc6 Red8 25. Bf3 Be6 26. a3 Rd3 27. Red1 Rxd1+ 28. Rxd1 Rxd1+ 29. Bxd1 Bd5 30. f4 f6 31. Kf2 Kf7 32. Ke3 Ke6 33. Kd4 Kd6 34. Bc2 g6 35. h4 b6 36. g4 h5 37. Bxg6 hxg4 38. h5 g3 39. Ke3 Ke7 40. Bf5 Kf8 41. Ke2 Kg7 42. Bg4 Kh6 43. Kf1 Be4 44. Kg1 Bd5 45. Kf1 Be4 46. Kg1 Bd5 47. Kf1 1/2-1/2

[Event "Torino-ch sf op"]
[Site "Torino"]
[Date "2013.05.13"]
[Round "2"]
[White "Gallucci, Alessio"]
[Black "Vozza, Nicola"]
[Result "1-0"]
[WhiteElo "2211"]
[BlackElo "1880"]
[PlyCount "48"]
[EventDate "2013.05.06"]
[EventType "swiss"]
[EventRounds "7"]
[EventCountry "ITA"]
[SourceTitle "EXT 2015"]
[Source "ChessBase"]
[SourceDate "2014.11.20"]
[SourceVersion "1"]
[SourceVersionDate "2014.11.20"]
[SourceQuality "1"]

1. Nf3 Nf6 2. d4 d5 3. e3 c5 4. c3 Nc6 5. dxc5 g6 6. b4 Bg7 7. Bb2 Ne4 8. a3 0-0 9. Qc2 a5 10. Nd4 e5 11. Nxc6 bxc6 12. Nd2 Nxd2 13. Qxd2 d4 14. Rd1 Be6 15. Bd3 Qg5 16. Be4 f5 17. Bxc6 Bc4 18. cxd4 e4 19. Qc3 Bd3 20. Rxd3 exd3 21. Bxa8 Rxa8 22. 0-0 axb4 23. axb4 f4 24. exf4 Qxf4 1-0

[Event "EU Union-ch 6th"]
[Site "Arvier"]
[Date "2010.09.11"]
[Round "8"]
[White "Melone, Antonio"]
[Black "Vozza, Nicola"]
[Result "1-0"]
[WhiteElo "2016"]
[BlackElo "1911"]
[PlyCount "78"]
[EventDate "2010.09.04"]
[EventType "swiss"]
[EventRounds "9"]
[EventCountry "ITA"]
[SourceTitle "CBM 138 Extra"]
[Source "ChessBase"]
[SourceDate "2010.10.29"]
[SourceVersion "1"]
[SourceVersionDate "2010.10.29"]
[SourceQuality "1"]

1. d4 Nf6 2. c4 g6 3. Nc3 Bg7 4. e4 d6 5. f3 b6 6. Be3 Bb7 7. Qd2 Nbd7 8. g4 c5 9. d5 a6 10. 0-0-0 b5 11. Bh6 Bxh6 12. Qxh6 Qa5 13. cxb5 Ne5 14. h3 c4 15. f4 Nd3+ 16. Bxd3 cxd3 17. Rxd3 Rc8 18. Kb1 axb5 19. a3 b4 20. axb4 Qxb4 21. Nge2 Ba6 22. Rd4 Rc4 23. Rxc4 Bxc4 24. Nc1 Kd7 25. Qh4 Rb8 26. Qf2 Rb7 27. Qc2 Ra7 28. Qd2 Qa5 29. Qd4 Qa1+ 30. Kc2 Rc7 31. Rd1 Qa6 32. Kb1 Ra7 33. g5 Nh5 34. e5 Ng3 35. exd6 Nf5 36. Qe3 Nxd6 37. Qd4 Nf5 38. Qc5 Qa1+ 39. Kc2 Rc7 1-0

[Event "EU Union-ch 6th"]
[Site "Arvier"]
[Date "2010.09.10"]
[Round "7"]
[White "De Leeuw, Johannes"]
[Black "Vozza, Nicola"]
[Result "1-0"]
[WhiteElo "1882"]
[BlackElo "1911"]
[PlyCount "53"]
[EventDate "2010.09.04"]
[EventType "swiss"]
[EventRounds "9"]
[EventCountry "ITA"]
[SourceTitle "CBM 138 Extra"]
[Source "ChessBase"]
[SourceDate "2010.10.29"]
[SourceVersion "1"]
[SourceVersionDate "2010.10.29"]
[SourceQuality "1"]

1. e4 e5 2. Bc4 Nf6 3. Nc3 Nc6 4. Nf3 Nxe4 5. Bxf7+ Kxf7 6. Nxe4 d5 7. Neg5+ Kg8 8. h4 h6 9. Nh3 Bg4 10. d3 Qf6 11. c3 Rd8 12. Qe2 Bxf3 13. gxf3 Qxh4 14. Bd2 d4 15. 0-0-0 dxc3 16. Bxc3 Bd6 17. Rdg1 Qa4 18. Kb1 Nd4 19. Bxd4 Qxd4 20. Rg4 Qd5 21. Rhg1 Bf8 22. d4 exd4 23. Qd3 c5 24. Nf4 Qf7 25. Ng6 Rh7 26. Rf4 c4 27. Qe4 1-0

[Event "EU Union-ch 6th"]
[Site "Arvier"]
[Date "2010.09.09"]
[Round "6"]
[White "Vozza, Nicola"]
[Black "Marguerettaz, Davy"]
[Result "0-1"]
[WhiteElo "1911"]
[BlackElo "2116"]
[PlyCount "74"]
[EventDate "2010.09.04"]
[EventType "swiss"]
[EventRounds "9"]
[EventCountry "ITA"]
[SourceTitle "CBM 138 Extra"]
[Source "ChessBase"]
[SourceDate "2010.10.29"]
[SourceVersion "1"]
[SourceVersionDate "2010.10.29"]
[SourceQuality "1"]

1. d4 d5 2. Bg5 h6 3. Bh4 c6 4. Nf3 Qb6 5. b3 Bf5 6. e3 Nd7 7. Bd3 e6 8. 0-0 Ngf6 9. Bg3 Ne4 10. Bxe4 dxe4 11. Nfd2 Nf6 12. Nc4 Qd8 13. a3 h5 14. Nc3 h4 15. Be5 Nd5 16. Nxe4 Bxe4 17. f3 Bg6 18. e4 Nb6 19. Re1 Nxc4 20. bxc4 f6 21. Bf4 e5 22. dxe5 Qxd1 23. Rexd1 Bc5+ 24. Kh1 Rd8 25. exf6 Rxd1+ 26. Rxd1 gxf6 27. Bd6 Bxd6 28. Rxd6 Ke7 29. c5 Rd8 30. Rxd8 Kxd8 31. g4 hxg3 32. hxg3 Ke7 33. g4 Ke6 34. Kg2 Ke5 35. c3 Kf4 36. Kf2 Bf7 37. Kg2 Bb3 0-1

[Event "EU Union-ch 6th"]
[Site "Arvier"]
[Date "2010.09.04"]
[Round "1"]
[White "Calzetta Ruiz, Monica"]
[Black "Vozza, Nicola"]
[Result "1-0"]
[WhiteElo "2280"]
[BlackElo "1911"]
[PlyCount "107"]
[EventDate "2010.09.04"]
[EventType "swiss"]
[EventRounds "9"]
[EventCountry "ITA"]
[SourceTitle "CBM 138 Extra"]
[Source "ChessBase"]
[SourceDate "2010.10.29"]
[SourceVersion "1"]
[SourceVersionDate "2010.10.29"]
[SourceQuality "1"]

1. e4 e5 2. Nf3 Nc6 3. Bb5 f5 4. Nc3 fxe4 5. Nxe4 Nf6 6. Nxf6+ Qxf6 7. 0-0 Bc5 8. Bxc6 dxc6 9. Nxe5 Bd4 10. Nf3 0-0 11. Nxd4 Qxd4 12. d3 Bg4 13. Qd2 Rae8 14. Qc3 Qxc3 15. bxc3 Re2 16. Ba3 Rfe8 17. Rfc1 b6 18. c4 c5 19. Bb2 Bd7 20. d4 Rf8 21. f3 cxd4 22. Bxd4 c5 23. Bf2 Ba4 24. c3 Rd8 25. Be1 g5 26. Kf1 Rde8 27. Bg3 Bc2 28. Re1 Bd3 29. Rxe2 Rxe2 30. Kg1 Bxc4 31. a3 Bd3 32. Bb8 Re7 33. Kf2 Re2+ 34. Kg3 a6 35. Ba7 Re6 36. a4 c4 37. Ra2 b5 38. axb5 axb5 39. Bd4 Re1 40. Ra8+ Kf7 41. Rb8 Re6 42. Rxb5 Kg6 43. h4 gxh4+ 44. Kxh4 Kf7 45. g4 Be2 46. f4 Rh6+ 47. Kg3 Rg6 48. Rb7+ Kg8 49. g5 h6 50. Bf6 hxg5 51. fxg5 Kf8 52. Kf4 Kg8 53. Kf5 Bd3+ 54. Ke6 1-0

[Event "Imperia op-B 50th"]
[Site "Imperia"]
[Date "2008.09.03"]
[Round "5"]
[White "Paniga, Danilo"]
[Black "Vozza, Nicola"]
[Result "1-0"]
[WhiteElo "1816"]
[BlackElo "1993"]
[PlyCount "93"]
[EventDate "2008.08.31"]
[EventType "swiss"]
[EventRounds "9"]
[EventCountry "ITA"]
[SourceTitle "EXT 2011"]
[Source "ChessBase"]
[SourceDate "2010.11.26"]
[SourceVersion "1"]
[SourceVersionDate "2010.11.26"]
[SourceQuality "1"]

1. d4 Nf6 2. Nf3 g6 3. Nbd2 Bg7 4. e4 d6 5. Bd3 Nbd7 6. 0-0 0-0 7. c3 c6 8. Re1 Qc7 9. Qc2 a6 10. a4 b6 11. h3 e5 12. dxe5 dxe5 13. b4 Bb7 14. a5 b5 15. Ba3 c5 16. Rad1 Rac8 17. c4 cxb4 18. Bxb4 Rfe8 19. Rc1 Qb8 20. Qb1 Bh6 21. Rc2 Ba8 22. cxb5 Rxc2 23. Qxc2 Rc8 24. Qa4 axb5 25. Bxb5 Nc5 26. Bxc5 Rxc5 27. Rb1 Bxd2 28. Nxd2 Qc7 29. f3 Rc2 30. Qb4 Qa7+ 31. Kh2 Nh5 32. Bd3 Rc8 33. Qb6 Qe7 34. Bf1 Qh4 35. Qe3 Qg3+ 36. Kh1 Kg7 37. a6 f5 38. exf5 gxf5 39. Nc4 Re8 40. Nd6 Rf8 41. Rb8 Be4 42. Rxf8 Kxf8 43. Nxe4 fxe4 44. a7 exf3 45. a8Q+ Kg7 46. Qb7+ Kg6 47. Bd3+ 1-0

[Event "Turin Piemonte op 7th"]
[Site "Turin"]
[Date "2007.06.23"]
[Round "4"]
[White "Viglino, Antonio"]
[Black "Vozza, Nicola"]
[Result "1-0"]
[WhiteElo "1847"]
[BlackElo "1995"]
[PlyCount "67"]
[EventDate "2007.06.21"]
[EventType "swiss"]
[EventRounds "6"]
[EventCountry "ITA"]
[SourceTitle "EXT 2010"]
[Source "ChessBase"]
[SourceDate "2010.11.25"]
[SourceVersion "1"]
[SourceVersionDate "2010.11.25"]
[SourceQuality "1"]

1. Nf3 e6 2. c4 f5 3. g3 Nf6 4. Bg2 c6 5. 0-0 Na6 6. d4 d5 7. Nbd2 Bd6 8. a3 0-0 9. b4 Bd7 10. Qb3 Qe8 11. Ne5 Kh8 12. f3 Nc7 13. Bb2 b6 14. Rae1 c5 15. e4 Ba4 16. Qe3 fxe4 17. fxe4 Bxe5 18. dxe5 d4 19. Qg5 Qh5 20. Qxh5 Nxh5 21. Bf3 g6 22. Bxh5 gxh5 23. Rf6 Kg7 24. Ref1 Bc2 25. Bc1 Rxf6 26. exf6+ Kg6 27. Nf3 h6 28. Ne5+ Kh7 29. f7 Kg7 30. Nd7 Bxe4 31. f8Q+ Rxf8 32. Rxf8 e5 33. Rf2 Bd3 34. Nxe5 1-0

[Event "Turin Piemonte op 7th"]
[Site "Turin"]
[Date "2007.06.21"]
[Round "1"]
[White "Sattanino, Andrea"]
[Black "Vozza, Nicola"]
[Result "0-1"]
[WhiteElo "1855"]
[BlackElo "1995"]
[PlyCount "34"]
[EventDate "2007.06.21"]
[EventType "swiss"]
[EventRounds "6"]
[EventCountry "ITA"]
[SourceTitle "EXT 2010"]
[Source "ChessBase"]
[SourceDate "2010.11.25"]
[SourceVersion "1"]
[SourceVersionDate "2010.11.25"]
[SourceQuality "1"]

1. d4 Nf6 2. c4 g6 3. Nc3 Bg7 4. e4 d6 5. f3 b6 6. Be3 Bb7 7. Qd2 Nbd7 8. Bh6 0-0 9. Bxg7 Kxg7 10. Nge2 c5 11. d5 a6 12. b3 Qc7 13. g4 Ne5 14. Qe3 b5 15. cxb5 Qa5 16. bxa6 Bxa6 17. Rc1 Nd3+ 0-1

[Event "Savigliano 6th"]
[Site "Savigliano"]
[Date "2007.06.03"]
[Round "5"]
[White "Vozza, Nicola"]
[Black "Leoni, Alessandro"]
[Result "1/2-1/2"]
[WhiteElo "1995"]
[BlackElo "1838"]
[PlyCount "36"]
[EventDate "2007.05.31"]
[EventType "swiss"]
[EventRounds "6"]
[EventCountry "ITA"]
[SourceTitle "EXT 2009"]
[Source "ChessBase"]
[SourceDate "2008.11.26"]
[SourceVersion "1"]
[SourceVersionDate "2008.11.26"]
[SourceQuality "1"]

1. d4 Nf6 2. c4 e6 3. Nc3 Bb4 4. Qc2 Nc6 5. Nf3 d6 6. Bd2 0-0 7. a3 Bxc3 8. Bxc3 a5 9. e3 Re8 10. Be2 e5 11. dxe5 dxe5 12. h3 Qe7 13. 0-0 g6 14. b3 Bf5 15. Qb2 Ne4 16. Be1 Nc5 17. Bc3 Ne4 18. Be1 Nc5 1/2-1/2

[Event "Lugano New op 1st"]
[Site "Lugano"]
[Date "2007.05.01"]
[Round "6"]
[White "Gagliardi, Claudio"]
[Black "Vozza, Nicola"]
[Result "0-1"]
[WhiteElo "1808"]
[BlackElo "1995"]
[PlyCount "63"]
[EventDate "2007.04.29"]
[EventType "swiss"]
[EventRounds "6"]
[EventCountry "SUI"]
[SourceTitle "CBM 118 Extra"]
[Source "ChessBase"]
[SourceDate "2007.07.04"]
[SourceVersion "1"]
[SourceVersionDate "2007.07.04"]
[SourceQuality "1"]

1. d4 Nf6 2. Nf3 g6 3. Bf4 Bg7 4. e3 d6 5. Nbd2 0-0 6. h3 b6 7. Be2 Bb7 8. 0-0 Nbd7 9. Bh2 c5 10. c3 Rc8 11. a4 a6 12. Re1 Rc7 13. Nc4 Re8 14. dxc5 Rxc5 15. Nd4 Qa8 16. f3 Rec8 17. Nd2 Nd5 18. Nf1 Bh6 19. Qd3 R5c7 20. Nb3 f5 21. e4 fxe4 22. fxe4 Nf4 23. Bxf4 Bxf4 24. Bf3 Ne5 25. Qd4 Rc4 26. Qxb6 R8c6 27. Qa5 Rc8 28. Rad1 Nxf3+ 29. gxf3 d5 30. exd5 Bc7 31. Rxe7 Bxa5 32. Nxa5 0-1

[Event "Lugano New op 1st"]
[Site "Lugano"]
[Date "2007.04.29"]
[Round "1"]
[White "Vozza, Nicola"]
[Black "Zelcic, Robert"]
[Result "0-1"]
[WhiteElo "1995"]
[BlackElo "2554"]
[PlyCount "66"]
[EventDate "2007.04.29"]
[EventType "swiss"]
[EventRounds "6"]
[EventCountry "SUI"]
[SourceTitle "CBM 118 Extra"]
[Source "ChessBase"]
[SourceDate "2007.07.04"]
[SourceVersion "1"]
[SourceVersionDate "2007.07.04"]
[SourceQuality "1"]

1. d4 Nf6 2. c4 e6 3. Nc3 Bb4 4. Qc2 0-0 5. a3 Bxc3+ 6. Qxc3 Ne4 7. Qc2 f5 8. e3 b6 9. Nh3 c5 10. f3 Nd6 11. dxc5 bxc5 12. b4 Nc6 13. Bb2 Qh4+ 14. g3 Qh6 15. Qc3 Bb7 16. Rd1 Nf7 17. Rxd7 Rab8 18. Bg2 Nce5 19. Rxb7 Rxb7 20. f4 cxb4 21. axb4 Rxb4 22. fxe5 Rxb2 23. Qxb2 Qxe3+ 24. Qe2 Qc3+ 25. Kf2 Rb8 26. Re1 Rb2 27. Qxb2 Qxb2+ 28. Re2 Qd4+ 29. Ke1 Qxc4 30. Bf1 Nxe5 31. Nf4 Nf3+ 32. Kf2 Nxh2 33. Rxe6 Qxf1+ 0-1

[Event "Genova Primavera op 10th"]
[Site "Genova"]
[Date "2007.03.25"]
[Round "4"]
[White "Biancotti, Alessandro"]
[Black "Vozza, Nicola"]
[Result "0-1"]
[WhiteElo "1895"]
[BlackElo "1971"]
[PlyCount "108"]
[EventDate "2007.03.23"]
[EventType "swiss"]
[EventRounds "5"]
[EventCountry "ITA"]
[SourceTitle "EXT 2008"]
[Source "ChessBase"]
[SourceDate "2007.11.25"]
[SourceVersion "1"]
[SourceVersionDate "2007.11.25"]
[SourceQuality "1"]

1. e4 e6 2. d4 d5 3. Nd2 Nf6 4. e5 Nfd7 5. Ngf3 c5 6. c3 Nc6 7. Nb3 cxd4 8. cxd4 Be7 9. Be3 0-0 10. Be2 f6 11. exf6 Nxf6 12. 0-0 Bd6 13. Rc1 Ne4 14. Bd3 e5 15. Bxe4 dxe4 16. Ng5 exd4 17. Nxd4 Nxd4 18. Qxd4 Qe7 19. Qxe4 Qxe4 20. Nxe4 Be5 21. b3 Bf5 22. Nd2 Bb2 23. Rc7 b5 24. Nf3 a5 25. Bd4 Bxd4 26. Nxd4 a4 27. Rc5 Bd7 28. Nxb5 axb3 29. axb3 Ra5 30. Rc7 Bxb5 31. Re1 Rfa8 32. g3 Ra1 33. Rxa1 Rxa1+ 34. Kg2 Rb1 35. Rc3 Bd7 36. Re3 Bc6+ 37. Kh3 Bd5 38. f4 Rxb3 39. Re5 Bc6 40. Kh4 Kf7 41. Rc5 Rb6 42. g4 Bd7 43. Rc7 Ke8 44. Rc3 Rb4 45. Kg3 Be6 46. h4 Rb3 47. Rxb3 Bxb3 48. f5 Kf7 49. Kf4 Bd1 50. Kg5 Be2 51. h5 h6+ 52. Kf4 Kf6 53. Kg3 Kg5 54. f6 gxf6 0-1

[Event "Turin Autumn op"]
[Site "Turin"]
[Date "2006.11.??"]
[Round "2"]
[White "Fortino, Fabrizio"]
[Black "Vozza, Nicola"]
[Result "1/2-1/2"]
[WhiteElo "2057"]
[BlackElo "1978"]
[PlyCount "112"]
[EventDate "2006.10.28"]
[EventType "swiss"]
[EventRounds "7"]
[EventCountry "ITA"]
[SourceTitle "EXT 2011"]
[Source "ChessBase"]
[SourceDate "2010.11.26"]
[SourceVersion "1"]
[SourceVersionDate "2010.11.26"]
[SourceQuality "1"]

1. e4 e6 2. d4 d5 3. Nc3 Nf6 4. e5 Nfd7 5. f4 c5 6. Nf3 Nc6 7. Be3 a6 8. Qd2 cxd4 9. Nxd4 Bc5 10. 0-0-0 0-0 11. h4 Nxd4 12. Bxd4 b5 13. Rh3 b4 14. Na4 Bxd4 15. Qxd4 a5 16. f5 Qc7 17. Re1 Ba6 18. Bd3 Bxd3 19. Rxd3 Rfc8 20. Re2 Qc4 21. b3 Qxd4 22. Rxd4 Rc6 23. g4 Rac8 24. Rdd2 Kf8 25. g5 Nb8 26. Nb2 Na6 27. fxe6 fxe6 28. Nd3 Nc7 29. g6 Kg8 30. gxh7+ Kxh7 31. Rf2 Nb5 32. Rf4 Nc3 33. Kb2 Ne4 34. Rg2 Nc3 35. Rf1 R8c7 36. h5 Nb5 37. Rf4 Nc3 38. Rf1 Nb5 39. Rf4 Na3 40. Ne1 Rc3 41. h6 Rh3 42. hxg7 Rxg7 43. Rxg7+ Kxg7 44. Rg4+ Kh7 45. Rg2 Rh1 46. Re2 Kg6 47. c3 Kf5 48. cxb4 axb4 49. Rf2+ Kg4 50. Rg2+ Kh3 51. Re2 Nb5 52. Nd3 Nc3 53. Rd2 Nd1+ 54. Kc2 Ne3+ 55. Kb2 Nd1+ 56. Kc2 Ne3+ 1/2-1/2

[Event "Turin Autumn op"]
[Site "Turin"]
[Date "2006.11.??"]
[Round "4"]
[White "Martin, Tiziano"]
[Black "Vozza, Nicola"]
[Result "1-0"]
[WhiteElo "2015"]
[BlackElo "1978"]
[PlyCount "47"]
[EventDate "2006.10.28"]
[EventType "swiss"]
[EventRounds "7"]
[EventCountry "ITA"]
[SourceTitle "EXT 2011"]
[Source "ChessBase"]
[SourceDate "2010.11.26"]
[SourceVersion "1"]
[SourceVersionDate "2010.11.26"]
[SourceQuality "1"]

1. d4 e6 2. Nf3 f5 3. Bg5 Nf6 4. Nbd2 Be7 5. Bxf6 Bxf6 6. e4 fxe4 7. Nxe4 b6 8. Bd3 Bb7 9. Qe2 0-0 10. 0-0-0 Nc6 11. c3 Qe7 12. h4 Nd8 13. Nfg5 g6 14. Kb1 d5 15. Nxf6+ Qxf6 16. Nf3 c5 17. h5 Nc6 18. hxg6 hxg6 19. Rh6 Ne7 20. Ne5 Kg7 21. Ng4 Qg5 22. Qxe6 Bc8 23. Rdh1 Qxh6 24. Qe5+ 1-0

[Event "Turin olympic op-A"]
[Site "Turin"]
[Date "2006.05.26"]
[Round "5"]
[White "Vozza, Nicola"]
[Black "Pinto, Mark A"]
[Result "1-0"]
[WhiteElo "1997"]
[BlackElo "2130"]
[PlyCount "71"]
[EventDate "2006.05.22"]
[EventType "swiss"]
[EventRounds "9"]
[EventCountry "ITA"]
[SourceTitle "EXT 2011"]
[Source "ChessBase"]
[SourceDate "2010.11.26"]
[SourceVersion "1"]
[SourceVersionDate "2010.11.26"]
[SourceQuality "1"]

1. e4 c5 2. Nc3 Nc6 3. g3 g6 4. Bg2 Bg7 5. d3 d6 6. Be3 e6 7. Qd2 Nd4 8. 0-0-0 Rb8 9. Nce2 Qc7 10. c3 b5 11. Kb1 Nxe2 12. Nxe2 b4 13. d4 Ba6 14. Rc1 bxc3 15. Nxc3 c4 16. f4 Ne7 17. e5 d5 18. g4 h5 19. h3 Qa5 20. Ne4 Qb6 21. Nd6+ Kf8 22. f5 gxf5 23. Bg5 Nc6 24. gxf5 exf5 25. Nxf5 Rg8 26. Nxg7 Kxg7 27. Bxd5 Nb4 28. Bf6+ Kf8 29. Qh6+ Ke8 30. Bxf7+ Kxf7 31. Qh7+ Ke6 32. Qe7+ Kd5 33. Qd7+ Ke4 34. Rce1+ Kf4 35. Rhf1+ Kg3 36. Qf5 1-0

[Event "Turin Epifania op"]
[Site "Turin"]
[Date "2006.01.??"]
[Round "5"]
[White "Vozza, Nicola"]
[Black "Parodi, Alessandro"]
[Result "1-0"]
[WhiteElo "2002"]
[BlackElo "1924"]
[PlyCount "95"]
[EventDate "2006.01.04"]
[EventType "swiss"]
[EventRounds "7"]
[EventCountry "ITA"]
[SourceTitle "EXT 2011"]
[Source "ChessBase"]
[SourceDate "2010.11.26"]
[SourceVersion "1"]
[SourceVersionDate "2010.11.26"]
[SourceQuality "1"]

1. d4 Nf6 2. Bg5 g6 3. Bxf6 exf6 4. c4 Bg7 5. g3 f5 6. Bg2 c5 7. Nf3 Nc6 8. e3 Qb6 9. Nc3 cxd4 10. Nxd4 0-0 11. Ndb5 a6 12. Nd5 Qc5 13. Nbc7 Rb8 14. b3 Nb4 15. 0-0 Nxd5 16. Nxd5 b6 17. Rc1 Bb7 18. b4 Qd6 19. c5 bxc5 20. bxc5 Qe5 21. Nb6 Bxg2 22. Kxg2 Rfd8 23. Qa4 Qe4+ 24. Qxe4 fxe4 25. Rfd1 Rb7 26. Nc4 Rc7 27. Nd6 f5 28. g4 Bf8 29. gxf5 gxf5 30. Rd5 Bxd6 31. Rxd6 Rdc8 32. Rxa6 Rxc5 33. Rd1 R8c7 34. Rad6 Ra7 35. Rxd7 Rxa2 36. Rb7 Ra8 37. Rdd7 h6 38. Rg7+ Kf8 39. Rh7 Kg8 40. Rxh6 Rf8 41. Rhh7 Rf6 42. Rhd7 Rc8 43. Rg7+ Kh8 44. Rh7+ Kg8 45. Rbg7+ Kf8 46. h4 Rcc6 47. Rb7 Rc8 48. Rh8# 1-0

[Event "Piemonte-ch 06"]
[Site "Turin"]
[Date "2005.12.07"]
[Round "6"]
[White "Spatola, Davide"]
[Black "Vozza, Nicola"]
[Result "1-0"]
[WhiteElo "2102"]
[BlackElo "1994"]
[PlyCount "73"]
[EventDate "2005.12.03"]
[EventType "swiss"]
[EventRounds "7"]
[EventCountry "ITA"]
[SourceTitle "EXT 2008"]
[Source "ChessBase"]
[SourceDate "2007.11.25"]
[SourceVersion "1"]
[SourceVersionDate "2007.11.25"]
[SourceQuality "1"]

1. d4 e6 2. Nf3 f5 3. Bg5 Nf6 4. e3 Be7 5. Bd3 b6 6. Nbd2 Bb7 7. c3 Ne4 8. Bxe7 Qxe7 9. Qc2 Nxd2 10. Qxd2 d6 11. h4 Nd7 12. 0-0-0 0-0-0 13. Ne1 Rhf8 14. Qc2 Kb8 15. f3 c5 16. Qa4 cxd4 17. exd4 e5 18. Nc2 e4 19. Rde1 Qf6 20. Bb5 Qh6+ 21. Kb1 Nf6 22. c4 Rf7 23. Re3 exf3 24. gxf3 Qf4 25. d5 a6 26. Bc6 b5 27. Qa5 Rc8 28. Rhe1 Rcc7 29. Qb6 Qxc4 30. Rc3 Qf4 31. Nd4 Qxh4 32. Rec1 Nd7 33. Bxd7 Rxc3 34. Rxc3 Rxd7 35. Nc6+ Kc8 36. Ne5+ Kb8 37. Nxd7+ 1-0